000
00322nam a22001457a 4500
008
211019b ||||| |||| 00| 0 eng d
020
_a
9780393933482
041
_a
eng
080
_2
5th
_a
159.9
082
_a
159.9
100
_a
48
101
_a
PSI
245
_a
The Personality Puzzle
_c
Funder,D.C
942
_2
udc
_c
BK
999
_c
58283
_d
58283